Catálogo

ADMINISTRACIÓN DE PERSONAL Y RECURSOS HUMANOS (Registro nro. 28309)

Detalles MARC
000 -LEADER
fixed length control field 01104nam a2200217 a 4500
001 - CONTROL NUMBER
control field 28309
005 - DATE AND TIME OF LATEST TRANSACTION
control field 20180713231152.0
008 - FIXED-LENGTH DATA ELEMENTS--GENERAL INFORMATION
fixed length control field 140415s2003 mx 000 0 spa d
020 ## - INTERNATIONAL STANDARD BOOK NUMBER
International Standard Book Number 0070695725
041 ## - LANGUAGE CODE
Language code of text/sound track or separate title spa
082 ## - DEWEY DECIMAL CLASSIFICATION NUMBER
Classification number 658.3
Item number WER
100 1# - MAIN ENTRY--PERSONAL NAME
Personal name B. WELTHER JR.,WILLIAM
245 10 - TITLE STATEMENT
Title ADMINISTRACIÓN DE PERSONAL Y RECURSOS HUMANOS
250 ## - EDITION STATEMENT
Edition statement 5° EDICIÓN
260 ## - PUBLICATION, DISTRIBUTION, ETC.
Place of publication, distribution, etc. MEXICO :
Name of publisher, distributor, etc. MC GRAW HILL,
Date of publication, distribution, etc. 2003
300 ## - PHYSICAL DESCRIPTION
Extent 581
Dimensions 20 x 4 x 26
520 ## - SUMMARY, ETC.
Summary, etc. EN LA NUEVA EDICIÓN DE ESTE BEST SELLER SE PRESTA MAYOR ATENCIÓN AL PAPEL DEL DEPARTAMENTO DE PERSONAL COMO INSTRUMENTO DE VENTAJA COMPETITIVA EN EL PROCESO DE INTERNACIONALIZACIÓN DE LAS ORGANIZACIONES Y SE INCLUYE UNA SERIE DE APÉNDICES CON LOS SIGUIENTES TEMAS: BENCHMARKING EN RECURSOS HUMANOS, OUTSOURCING, SEGURIDAD E HIGIENE EN EL TRABAJO Y SISTEMAS DE AHORRO PARA EL RETIRO.SIN DUDA ALGUNA, ESTA OBRA SEGUIRÁ SIENDO CONSULTA OBLIGADA PARA QUIENES DESEEN MANTENERSE ACTUALIZADOS EN U
650 14 - SUBJECT ADDED ENTRY--TOPICAL TERM
Topical term or geographic name entry element RECURSOS HUMANOS
700 1# - ADDED ENTRY--PERSONAL NAME
Personal name MEJIA GOMEZ, JAOQUIN
Relator term tr.
740 ## - ADDED ENTRY--UNCONTROLLED RELATED/ANALYTICAL TITLE
Uncontrolled related/analytical title HUMAN RESOURCES AND PERSONNEL MANAGEMENT

No hay ítems disponibles.